Suomalaisia taiteilijoita teosten mukaan 2 - Statistics

Yleistilastot
  • Tätä visaa on pelattu 24 kertaa
  • Keskiarvotulos 5 / 12
Vastaustilastot
Kuvavisa Hint Vastaus % Oikein
Haavoittunut enkeli Hugo Simberg
96%
Toipilas Helene Schjerfbeck
91%
Kaski Eero Järnefelt
57%
Woima-sonni Miina Äkkijyrkkä
57%
Tienraivaajia Karjalassa Pekka Halonen
39%
Graniittipoika Wäinö Aaltonen
26%
Hihhulit Tyko Sallinen
22%
Suomi-neito Walter Runeberg
22%
Presidentti Tarja Halosen muotokuva Rafael Wardi
17%
Lyhdynkantajat Emil Wikström
13%
Heräävä fauni Magnus Enckell
13%
Päättynyt aamiainen Elin Danielson-Gambogi
4%
Ehtoja vastaavia visoja ei löytynyt
Tulosjakauma
Jokaisen tuloksen saaneiden osuus
Persentiili vastausten määrän mukaan
Tuloshistoriasi
Et ole pelannut tätä visaa